| 000 -LEADER |
| fixed length control field |
01114nam a2200337 i 4500 |
| 001 - CONTROL NUMBER |
| control field |
020098263 |
| 003 - CONTROL NUMBER IDENTIFIER |
| control field |
Uk |
| 005 - DATE AND TIME OF LATEST TRANSACTION |
| control field |
20260210125816.0 |
| 008 - FIXED-LENGTH DATA ELEMENTS--GENERAL INFORMATION |
| fixed length control field |
201130s2022 enk o 000|0|eng|d |
| 020 ## - INTERNATIONAL STANDARD BOOK NUMBER |
| International Standard Book Number |
9781529159004 |
| Qualifying information |
paperback |
| 040 ## - CATALOGING SOURCE |
| Original cataloging agency |
StDuBDS |
| Language of cataloging |
eng |
| Transcribing agency |
StDuBDS |
| Modifying agency |
Uk |
| -- |
uoc |
| Description conventions |
rda |
| -- |
pn |
| 082 04 - DEWEY DECIMAL CLASSIFICATION NUMBER |
| Classification number |
306.36 |
| Edition number |
23 |
| Item number |
GRA |
| 100 1# - MAIN ENTRY--PERSONAL NAME |
| Personal name |
Beverley, Grace, |
| Relator term |
author. |
| 9 (RLIN) |
4534 |
| 245 10 - TITLE STATEMENT |
| Title |
Working hard, hardly working: |
| Remainder of title |
How to achieve more, stress less and feel fulfilled/ |
| Statement of responsibility, etc. |
Grace Beverley. |
| 250 ## - EDITION STATEMENT |
| Remainder of edition statement |
THE No.1 SUNDAY TIMES BESTSELLER. |
| 264 #1 - PRODUCTION, PUBLICATION, DISTRIBUTION, MANUFACTURE, AND COPYRIGHT NOTICE |
| Place of production, publication, distribution, manufacture |
London: |
| Name of producer, publisher, distributor, manufacturer |
Penguin Books, |
| Date of production, publication, distribution, manufacture, or copyright notice |
2022. |
| 264 #4 - PRODUCTION, PUBLICATION, DISTRIBUTION, MANUFACTURE, AND COPYRIGHT NOTICE |
| Date of production, publication, distribution, manufacture, or copyright notice |
© Grace Beverley, 2021. |
| 300 ## - PHYSICAL DESCRIPTION |
| Extent |
vii,216 pages ; |
| Dimensions |
21 cm. |
| 336 ## - CONTENT TYPE |
| Content type term |
text |
| Source |
rdacontent |
| Content type code |
txt |
| 337 ## - MEDIA TYPE |
| Media type term |
computer |
| Source |
rdamedia |
| Media type code |
n |
| 338 ## - CARRIER TYPE |
| Carrier type term |
online resource |
| Source |
rdacarrier |
| Carrier type code |
nc |
| 588 ## - SOURCE OF DESCRIPTION NOTE |
| Source of description note |
Description based on CIP data; resource not viewed. |
| 650 #0 - SUBJECT ADDED ENTRY--TOPICAL TERM |
| Topical term or geographic name entry element |
Work-life balance. |
| 650 #0 - SUBJECT ADDED ENTRY--TOPICAL TERM |
| Topical term or geographic name entry element |
Attention. |
| 9 (RLIN) |
4244 |
| 650 #0 - SUBJECT ADDED ENTRY--TOPICAL TERM |
| Topical term or geographic name entry element |
Relaxation. |
| 9 (RLIN) |
4535 |
| 650 #0 - SUBJECT ADDED ENTRY--TOPICAL TERM |
| Topical term or geographic name entry element |
Workaholism. |
| 9 (RLIN) |
4536 |
| 690 7# - LOCAL SUBJECT ADDED ENTRY--TOPICAL TERM (OCLC, RLIN) |
| Topical term or geographic name as entry element |
Management and Business Studies |
| Source of heading or term |
blcoll |
| 690 7# - LOCAL SUBJECT ADDED ENTRY--TOPICAL TERM (OCLC, RLIN) |
| Topical term or geographic name as entry element |
Social Welfare |
| Source of heading or term |
blcoll |
| 942 ## - ADDED ENTRY ELEMENTS (KOHA) |
| Source of classification or shelving scheme |
|
| Koha item type |
Book |